Razón de ser de los derechos y principios fundamentales y dinámica de las normas internacionales del trabajo /
Guardado en:
| Autor principal: | |
|---|---|
| Formato: | Texto |
| Materias: | |
| Etiquetas: |
Agregar Etiqueta
Sin Etiquetas, Sea el primero en etiquetar este registro!
|
MARC
| LEADER | 00000 a a2200000 04500 | ||
|---|---|---|---|
| 001 | 5559 | ||
| 003 | |||
| 040 | |||
| 100 | |a Javillier, Jean - Claude | ||
| 245 | |a Razón de ser de los derechos y principios fundamentales y dinámica de las normas internacionales del trabajo / |c Jean - Claude Javillier | ||
| 650 | |a NORMAS DE TRABAJO | ||
| 650 | |a DERECHOS DEL TRABAJO | ||
| 773 | |g número 122; páginas 5-8 | ||
| 999 | |c 24080 |d 24080 | ||
